000 00939nam a22002175i 4500
001 153521
003 ES-MaACL
005 20250822004354.0
008 991201s1859 sp |||| | spa d
100 1 _aMartínez Aparici, Domingo,
_d1822-1898
_977862
245 1 0 _aDiscursos leídos ante la Real Academia de Nobles Artes de San Fernando, en la recepción pública de Don Domingo Martínez.
260 _aMadrid :
_b[s.n.],
_c1859 (
_fImp. de Beltrán y Viñas)
300 _a65 p. ;
_c26 cm.
594 _aTema del discurso: Historia del arte del grabado.
594 _aContestación de D. Joaquín Francisco Pacheco.
650 0 4 _aGrabado-
_vHistoria
_913140
700 1 _aPacheco, Joaquín Francisco,
_d1808-1865
_988121
710 2 _aReal Academia de Nobles Artes de San Fernando.
_96332
852 _aES-MaACL
_jF-M-III-N (I)
_z- Enc. pasta española
_z- Enc. en un vol. facticio
999 _c153521
_d153521